نواب محمد موصطفہ خان ثیفتہ و حسرتی: ایک مطالعہ / (Record no. 171003)

MARC details
000 -LEADER
fixed length control field 00684nam a22001937a 4500
005 - DATE AND TIME OF LATEST TRANSACTION
control field 20200102120418.0
010 ## - LCCN (DPL NO)
LC control number A-304873
020 ## - INTERNATIONAL STANDARD BOOK NUMBER
Terms of availability 30.00
035 ## - SYSTEM CONTROL NUMBER
System control number A-304873
037 ## - SOURCE OF ACQUISITION
Source of stock number/acquisition BPPD/Pub.
082 ## - DEWEY DECIMAL CLASSIFICATION NUMBER
Classification number 841.08
100 ## - MAIN ENTRY--PERSONAL NAME
Personal name صبغت اللہ صید یقی
245 ## - TITLE STATEMENT
Title نواب محمد موصطفہ خان ثیفتہ و حسرتی: ایک مطالعہ /
Statement of responsibility, etc صبغت اللہ صید یقی
246 ## - VARYING FORM OF TITLE
Title proper/short title Nawab Mohammad Mustafa Khan Shefta-o-Hasrati (Urdu) /
Remainder of title by Sibghatullah Siddiqui
260 ## - PUBLICATION, DISTRIBUTION, ETC. (IMPRINT)
Place of publication, distribution, etc Lucknow
Name of publisher, distributor, etc Sibghatullah Siddiqui
Date of publication, distribution, etc 1987 ء
270 ## - ADDRESS
Address Nazdeek Police Chowki
City Lucknow
300 ## - PHYSICAL DESCRIPTION
Extent 158p.
Dimensions 19cm(Hb)
942 ## - ADDED ENTRY ELEMENTS (KOHA)
Source of classification or shelving scheme Dewey Decimal Classification
Item type Urdu Bks
Classification part 841.08
Call number suffix ص د ی
Holdings
Withdrawn status Lost status Not for loan Collection code Home library Current library Date acquired Source of acquisition Cost, normal purchase price Full call number Barcode Copy number Cost, replacement price Koha item type
      Non-fiction Central Library Central Library 02/01/2020 BPPD/Ven. 30.00 841.08 ص د ی A-304873 1 30.00 Urdu Bks

© Delhi Public Library
Hit Counter
free hit counter